Loading...
| History - American History | 0 | 4 | 0 | 2 | 40 | 76 | 96.00 | 1 | 3 |
| Arts - Painting | 0 | 3 | 1 | 0 | 25 | 77 | 114.67 | 1 | 3 |
| Arts - Other Arts | 0 | 2 | 0 | 0 | 20 | 97 | 98.00 | 0 | 2 |
| Thought - Social Science | 1 | 0 | 0 | 0 | 15 | 55 | 55.00 | 1 | 1 |
| Science - Other Science | 0 | 1 | 0 | 0 | 10 | 83 | 83.00 | 0 | 1 |
| History - World History | 0 | 1 | 0 | 1 | 10 | 124 | 124.00 | 0 | 0 |
| Literature - World Lit | 0 | 1 | 0 | 1 | 10 | 137 | 137.00 | 0 | 1 |
| Other - Geo/CE | 0 | 1 | 0 | 0 | 10 | 96 | 96.00 | 0 | 1 |
| History - Other History | 0 | 1 | 0 | 1 | 10 | 115 | 115.00 | 0 | 1 |
| Science - Engineering | 0 | 1 | 0 | 0 | 10 | 82 | 82.00 | 0 | 1 |
| Beliefs - Mythology | 0 | 0 | 1 | 0 | -5 | 0.00 | 0 | 0 | |
| Science - Physics | 0 | 0 | 1 | 0 | -5 | 0.00 | 0 | 0 | |
| Other - Pop Culture | 0 | 0 | 2 | 0 | -10 | 0.00 | 0 | 0 |